000 00740nam a2200217Ia 4500
001 23097
003 GE_BSU
008 181216s||||||||xx |||||||||||||| ||und||
040 _cGE_BSU
080 _a821.111(73)-3
100 _aსტეინბეკი, ჯ.
245 _aმარგალიტი : მოთხრობა
245 _cთარგმ. ანა რატიანმა ; ილ.: გ. გორდელაძე. რედ. ვ. ჭელიძე
260 _aთბილისი
260 _bსაბლიტგამი
260 _c1959
300 _a89გვ. : ილ. ; 21სმ.
541 _h4ლ. 40თ.
653 _aმარგალიტი : მოთხრობა
942 _cBK
999 _c55998
_d55998